000 00639nam a2200217 a 4500
001 BRCA_7136
005 20190320205727.0
008 110112s1945----sp-a######---#000-0#spa-#
041 _asp
044 _aspa
050 4 _aZ240
_b.I62 1945
245 1 0 _aIncunables de la Biblioteca Universitaria
_cpresentación de A. Blanquez.
260 _aBarcelona
_bUniversidad de Barcelona de Publicaciones
_c1945
300 _avi, 130 p.
_bil.
_c23 cm.
500 _aP20
650 1 4 _aIncunables
_97417
700 1 _aBlanquez, A.
_917724
710 2 _aUniversidad de Barcelona.
_tBiblioteca Universitaria
_917725
902 _aGFM
942 _2lcc
_cB
999 _c6817
_d6817